Normal view
MARC view
- Young adult fiction.
Entry Genre/Form Term
001 - CONTROL NUMBER
- control field: 11909
003 - CONTROL NUMBER IDENTIFIER
- control field: NUST
005 - DATE AND TIME OF LATEST TRANSACTION
- control field: 20180720110301.0
008 - FIXED-LENGTH DATA ELEMENTS
- fixed length control field: 180720|| aca||aabn | a|a d
040 ## - CATALOGING SOURCE
- Original cataloging agency: NUST
- Transcribing agency: NUST
155 ## - HEADING--GENRE/FORM TERM
- Genre/form term: Young adult fiction.
670 ## - SOURCE DATA FOUND
- Source citation: Work cat.: (NUST)173303: Cabot, Meg. 11902, High Stakes, 2004.
